[Event "TCh-FRA Top 16 GpA 2022"]
[Site "Chartres FRA"]
[Date "2022.06.13"]
[Round "5.3"]
[Board "3"]
[White "Jones, Gawain C B"]
[Black "Malakhov, Vladimir"]
[Result "1/2-1/2"]
[WhiteTitle "GM"]
[BlackTitle "GM"]
[WhiteElo "2665"]
[BlackElo "2652"]
[WhiteTeam "L'Echiquier Chalonnais"]
[BlackTeam "Tremblay en France"]
[WhiteFideId "409561"]
[BlackFideId "4120787"]
[EventDate "2022.06.09"]

1. e4 e5 2. Nf3 Nc6 3. d4 exd4 4. Nxd4 Bc5 5. Nb3 Bb6 6. Nc3 Nf6 7. Qe2 a5 8. a4
O-O 9. Bg5 h6 10. Bh4 Nd4 11. Qd3 Nxb3 12. cxb3 c6 13. O-O-O d5 14. exd5 cxd5
15. Qc2 Be6 16. Nxd5 Bxd5 17. Bxf6 Qxf6 18. Rxd5 Qxf2 19. Bc4 Be3+ 20. Kb1 Qxc2+
21. Kxc2 Rfd8 22. Rf1 Rxd5 23. Bxd5 Rc8+ 24. Kd3 Rd8 25. Ke4 Re8+ 26. Kd3 Rd8
27. Kxe3 Rxd5 28. b4 Re5+ 29. Kd3 Rd5+ 30. Ke3 Re5+ 31. Kd3 Rd5+ 32. Kc2 Rg5 33.
g3 b5 34. b3 bxa4 35. bxa4 axb4 36. Kb3 Kf8 37. Ra1 Ra5 38. Kxb4 Ra8 39. Re1
Rb8+ 40. Kc5 Rb2 41. h4 g5 42. hxg5 hxg5 43. Ra1 Rc2+ 44. Kd4 Rd2+ 45. Kc5 Rc2+
46. Kd4 Rd2+ 47. Ke5 Re2+ 48. Kf5 Re6 49. a5 Ra6 50. Kxg5 Ke7 51. Kf5 Kd7 52. g4
Ke7 53. Ke5 Kd7 54. Rd1+ Ke7 55. Rd5 Rg6 56. Kf5 Rf6+ 57. Ke4 Rf1 58. Re5+ Kd6
59. Rf5 Re1+ 60. Kf4 Ra1 61. Kg5 Ke6 62. Rf6+ Ke7 63. Rf5 Ke6 64. Rb5 f6+ 65.
Kg6 Ra4 66. Kh5 Ra1 67. Rf5 Ra4 68. Rc5 Ra1 69. Rb5 Kf7 70. Rb7+ Ke6 71. Rb5 Kf7
72. Kh4 Kg6 73. Kg3 Ra4 74. Kf3 Kh6 75. Rh5+ Kg6 76. Rf5 Ra3+ 77. Kf2 Ra4 78.
Kg3 Ra3+ 79. Kh4 Ra4 80. Rc5 Ra3 81. Rb5 Kh6 82. g5+ fxg5+ 83. Rxg5 Ra4+ 84. Rg4
Rxa5 1/2-1/2

[Event "TCh-FRA Top 16 GpA 2022"]
[Site "Chartres FRA"]
[Date "2022.06.13"]
[Round "5.3"]
[Board "4"]
[White "Flom, Gabriel"]
[Black "Korobov, Anton"]
[Result "1/2-1/2"]
[WhiteTitle "GM"]
[BlackTitle "GM"]
[WhiteElo "2428"]
[BlackElo "2675"]
[WhiteTeam "Tremblay en France"]
[BlackTeam "L'Echiquier Chalonnais"]
[WhiteFideId "621650"]
[BlackFideId "14105730"]
[EventDate "2022.06.09"]

1. d4 d5 2. c4 e6 3. Nc3 c6 4. e4 dxe4 5. Nxe4 Bb4+ 6. Bd2 Qxd4 7. Bxb4 Qxe4+ 8.
Ne2 Na6 9. Bf8 Ne7 10. Bxg7 Nb4 11. Qd6 Nd3+ 12. Kd2 Nf5 13. Qxd3 Qxd3+ 14. Kxd3
Nxg7 15. Kc3 Ke7 16. g3 Rd8 17. Bg2 e5 18. f4 Bf5 19. Rad1 f6 20. fxe5 fxe5 21.
Nc1 Rxd1 22. Rxd1 Ne6 1/2-1/2

[Event "TCh-FRA Top 16 GpA 2022"]
[Site "Chartres FRA"]
[Date "2022.06.13"]
[Round "5.3"]
[Board "5"]
[White "Edouard, Romain"]
[Black "Shchekachev, Andrei"]
[Result "1-0"]
[WhiteTitle "GM"]
[BlackTitle "GM"]
[WhiteElo "2575"]
[BlackElo "2507"]
[WhiteTeam "L'Echiquier Chalonnais"]
[BlackTeam "Tremblay en France"]
[WhiteFideId "633429"]
[BlackFideId "4107730"]
[EventDate "2022.06.09"]

1. e4 e5 2. Nf3 Nc6 3. Bb5 a6 4. Ba4 Nf6 5. O-O Be7 6. d3 d6 7. c4 O-O 8. h3 Nd4
9. Nxd4 exd4 10. f4 c6 11. Nd2 b5 12. Bc2 Nd7 13. Nf3 c5 14. g4 Re8 15. b3 Nb8
16. Qe1 Nc6 17. Bd2 Rb8 18. Qg3 Qd7 19. Kg2 Bd8 20. Rae1 Ba5 21. Bxa5 Nxa5 22.
g5 Nc6 23. Nh2 Qd8 24. Ng4 Kh8 25. Kh2 Qa5 26. Re2 Qc3 27. Rg2 Bxg4 28. hxg4
bxc4 29. Rf3 Nb4 30. Qh4 Nxc2 31. Rh3 Kg8 32. f5 Ne3 33. Qxh7+ Kf8 34. f6 gxf6
35. gxf6 Nxg4+ 36. Rxg4 Qd2+ 37. Kh1 1-0

[Event "TCh-FRA Top 16 GpA 2022"]
[Site "Chartres FRA"]
[Date "2022.06.13"]
[Round "5.3"]
[Board "6"]
[White "Abergel, Thal"]
[Black "David, Alberto"]
[Result "1-0"]
[WhiteTitle "GM"]
[BlackTitle "GM"]
[WhiteElo "2387"]
[BlackElo "2520"]
[WhiteTeam "Tremblay en France"]
[BlackTeam "L'Echiquier Chalonnais"]
[WhiteFideId "614890"]
[BlackFideId "4000013"]
[EventDate "2022.06.09"]

1. e4 c6 2. d4 d5 3. e5 Bf5 4. h4 h5 5. Bd3 Bxd3 6. Qxd3 e6 7. Bg5 Qa5+ 8. Nd2
Qa6 9. c4 Nd7 10. b3 Bb4 11. Ne2 Ne7 12. O-O Bxd2 13. Bxe7 Kxe7 14. Qxd2 dxc4
15. Qb4+ c5 16. dxc5 Qc6 17. Nd4 Qxc5 18. Qxb7 Rac8 19. bxc4 Rc7 20. Qe4 Rb8 21.
Rac1 Rb4 22. Nf3 Rxc4 23. Rxc4 Qxc4 24. Qe3 Kf8 25. Qg5 Kg8 26. Rd1 Rb7 27. Rc1
Qa4 28. Qxh5 Qxa2 29. Rc8+ Nf8 30. Ng5 Qa1+ 31. Kh2 Qxe5+ 32. g3 Qf5 33. Qh8+ 1-0

[Event "TCh-FRA Top 16 GpA 2022"]
[Site "Chartres FRA"]
[Date "2022.06.13"]
[Round "5.3"]
[Board "7"]
[White "Velten, Paul"]
[Black "Mekhane, Adam"]
[Result "1-0"]
[WhiteTitle "GM"]
[BlackTitle "FM"]
[WhiteElo "2486"]
[BlackElo "2271"]
[WhiteTeam "L'Echiquier Chalonnais"]
[BlackTeam "Tremblay en France"]
[WhiteFideId "681091"]
[BlackFideId "36050601"]
[EventDate "2022.06.09"]

1. d4 Nf6 2. c4 e6 3. Nf3 Bb4+ 4. Nbd2 b6 5. a3 Bxd2+ 6. Qxd2 Bb7 7. e3 Qe7 8.
Be2 g5 9. O-O g4 10. Ne5 d6 11. Nd3 Nbd7 12. b4 h5 13. Bb2 Rg8 14. f4 Ne4 15.
Qc2 Qh4 16. Ne1 Ke7 17. d5 f5 18. Bd3 exd5 19. Bxe4 dxe4 20. g3 Qh3 21. Ng2 h4
22. Nxh4 Raf8 23. Rfd1 Rf7 24. c5 bxc5 25. Qb3 Rgf8 26. Rac1 Ba6 27. bxc5 Rb8
28. cxd6+ cxd6 29. Ng6+ 1-0

[Event "TCh-FRA Top 16 GpA 2022"]
[Site "Chartres FRA"]
[Date "2022.06.13"]
[Round "5.4"]
[Board "1"]
[White "Ganguly, Surya Shekhar"]
[Black "Song, Julien"]
[Result "1-0"]
[WhiteTitle "GM"]
[BlackTitle "IM"]
[WhiteElo "2616"]
[BlackElo "2402"]
[WhiteTeam "Club d'Echecs Metz Fischer"]
[BlackTeam "Club 608 d'Echecs Paris"]
[WhiteFideId "5002150"]
[BlackFideId "659487"]
[EventDate "2022.06.09"]

1. e4 e5 2. Nf3 Nc6 3. Bc4 Nf6 4. d3 Bc5 5. O-O O-O 6. c3 d5 7. exd5 Nxd5 8. a4
a5 9. Re1 Bg4 10. Nbd2 Nb6 11. Bb5 Bd6 12. Ne4 h6 13. h3 Bxf3 14. Qxf3 f5 15.
Nxd6 Qxd6 16. b3 Qf6 17. Ra2 Qf7 18. Bxc6 bxc6 19. Qxc6 Qxb3 20. Rb2 Qf7 21.
Rxe5 f4 22. f3 Rad8 23. Qe4 Qf6 24. Re2 Kh8 25. Ba3 Rf7 26. Be7 Rxe7 27. Rxe7
Qxc3 28. Re8+ Rxe8 29. Qxe8+ Kh7 30. Qe4+ Kg8 31. Qe6+ 1-0

[Event "TCh-FRA Top 16 GpA 2022"]
[Site "Chartres FRA"]
[Date "2022.06.13"]
[Round "5.4"]
[Board "2"]
[White "Iglesias, Yosha"]
[Black "Visakh, N R"]
[Result "0-1"]
[WhiteTitle "FM"]
[BlackTitle "GM"]
[WhiteElo "2202"]
[BlackElo "2506"]
[WhiteTeam "Club 608 d'Echecs Paris"]
[BlackTeam "Club d'Echecs Metz Fischer"]
[WhiteFideId "637823"]
[BlackFideId "25012223"]
[EventDate "2022.06.09"]

1. Nf3 d5 2. g3 c6 3. Bg2 Bg4 4. O-O Nd7 5. h3 Bh5 6. d3 Ngf6 7. c4 dxc4 8. dxc4
e5 9. Nc3 Qc7 10. Nh4 Bg6 11. f4 exf4 12. Bxf4 Qd8 13. Nxg6 hxg6 14. e4 Nh5 15.
e5 Nc5 16. Qf3 Nxf4 17. Qxf4 Qc7 18. Nd5 cxd5 19. cxd5 Nd3 20. Qa4+ Kd8 21. d6
Qb6+ 22. Kh1 Nxe5 23. Rae1 Bxd6 24. Rxe5 Bxe5 25. Rxf7 Qd6 26. Rf1 Qe6 27. Qa5+
Bc7 28. Qg5+ Kc8 29. Rc1 Kb8 30. Rxc7 Kxc7 31. Qf4+ Qd6 32. Qf7+ Kd8 0-1

[Event "TCh-FRA Top 16 GpA 2022"]
[Site "Chartres FRA"]
[Date "2022.06.13"]
[Round "5.4"]
[Board "3"]
[White "Postny, Evgeny"]
[Black "Sohier, Julien"]
[Result "1-0"]
[WhiteTitle "GM"]
[BlackTitle "FM"]
[WhiteElo "2562"]
[BlackElo "2218"]
[WhiteTeam "Club d'Echecs Metz Fischer"]
[BlackTeam "Club 608 d'Echecs Paris"]
[WhiteFideId "2804344"]
[BlackFideId "645346"]
[EventDate "2022.06.09"]

1. d4 d5 2. c4 dxc4 3. e4 e5 4. Nf3 exd4 5. Bxc4 Nc6 6. O-O Be6 7. Bxe6 fxe6 8.
Qb3 Qd7 9. Qxb7 Rb8 10. Qa6 Bd6 11. Nbd2 Nf6 12. a3 O-O 13. h3 Nh5 14. Ne1 Nf4
15. Ndf3 Rb6 16. Qa4 Qf7 17. Bxf4 Qxf4 18. Qc2 a5 19. Qe2 Ne5 20. Nxd4 Ng6 21.
Ndf3 Qf6 22. Nd3 Nf4 23. Nxf4 Rxb2 24. Qa6 Bxf4 25. Qxa5 Rb3 26. Qh5 g6 27. Qh4
Qxh4 28. Nxh4 Be5 29. Ra2 Rf4 30. Nf3 Rxe4 31. a4 Rb6 32. a5 Ra6 33. Rc1 Bd6 34.
Nd2 Rb4 35. g3 Rb5 36. Nc4 Rc5 37. Rcc2 Rb5 38. Kf1 Kf7 39. Ke2 Ke7 40. h4 Kd7
41. Kd3 Rd5+ 42. Ke4 g5 43. hxg5 Rxg5 44. Ra4 h5 45. Kf3 Rc5 46. Re2 Rf5+ 47.
Kg2 Rc5 48. Re4 Kc6 49. f4 Kb5 50. Nxd6+ cxd6 51. Rab4+ Kc6 52. Rxe6 Raxa5 53.
Rb2 Rf5 54. Rh6 Rac5 55. Kh3 Rcd5 56. Rc2+ Rc5 57. Ra2 Rcd5 58. Kh4 Rd1 59. Rh2
Rdd5 60. Rg6 Kd7 61. Rg5 Rxg5 62. fxg5 Ke6 63. Rf2 Rd3 64. g6 Kd5 1-0

[Event "TCh-FRA Top 16 GpA 2022"]
[Site "Chartres FRA"]
[Date "2022.06.13"]
[Round "5.4"]
[Board "4"]
[White "Ramirez Garcia, Jorge Alberto"]
[Black "Bailet, Pierre"]
[Result "1/2-1/2"]
[WhiteTitle "FM"]
[BlackTitle "IM"]
[WhiteElo "2242"]
[BlackElo "2512"]
[WhiteTeam "Club 608 d'Echecs Paris"]
[BlackTeam "Club d'Echecs Metz Fischer"]
[WhiteFideId "5108101"]
[BlackFideId "655830"]
[EventDate "2022.06.09"]

1. e4 e5 2. Nf3 Nc6 3. Nc3 Nf6 4. d4 exd4 5. Nxd4 Bb4 6. Nxc6 bxc6 7. Bd3 d5 8.
exd5 O-O 9. O-O cxd5 10. h3 Rb8 11. Bg5 Be7 12. b3 h6 13. Bf4 Bd6 14. Qf3 Bb7
15. Bxd6 Qxd6 16. Nb5 Qb6 17. Qf4 c5 18. Nd6 Bc8 19. Rfe1 Be6 20. Nf5 Bxf5 21.
Qxf5 Rfe8 22. Kf1 Qd6 23. Rxe8+ Rxe8 24. Re1 Rxe1+ 25. Kxe1 g6 26. Qc8+ Kg7 27.
Kf1 a5 28. Kg1 Qb6 29. g3 Qb4 30. Qc6 h5 31. Qd6 Qd4 32. Kg2 g5 33. Qe7 c4 34.
Bf5 h4 35. c3 Qb6 36. gxh4 gxh4 37. Qe3 Qxe3 38. fxe3 Kf8 39. Kf3 Ke7 40. Kf4
cxb3 41. axb3 Kd6 42. Bc2 Ne8 43. Kg5 Nc7 44. Bd3 Ke5 45. Kxh4 f5 46. Kg3 Ne6
47. h4 f4+ 48. Kf3 fxe3 49. Kxe3 d4+ 50. Kd2 dxc3+ 51. Kxc3 Nc5 52. h5 Kf6 53.
h6 Nxb3 54. Kxb3 Kf7 55. Bh7 Kf6 56. Be4 Kf7 57. Ka4 Kg8 58. Kxa5 1/2-1/2

[Event "TCh-FRA Top 16 GpA 2022"]
[Site "Chartres FRA"]
[Date "2022.06.13"]
[Round "5.4"]
[Board "5"]
[White "Feller, Sebastien"]
[Black "Baillon, Olivier"]
[Result "0-1"]
[WhiteTitle "GM"]
[WhiteElo "2574"]
[BlackElo "2197"]
[WhiteTeam "Club d'Echecs Metz Fischer"]
[BlackTeam "Club 608 d'Echecs Paris"]
[WhiteFideId "634654"]
[BlackFideId "616141"]
[EventDate "2022.06.09"]

1. e4 c5 2. Nf3 d6 3. d4 cxd4 4. Nxd4 Nf6 5. Nc3 Nc6 6. Nb3 g6 7. Be2 Bg7 8. O-O
O-O 9. Re1 b6 10. Bf1 Bb7 11. Bg5 Rc8 12. Nd5 Ne5 13. Bxf6 exf6 14. c3 Nc4 15.
Bxc4 Rxc4 16. Qd3 Ra4 17. Nd2 Ra5 18. b4 Ra4 19. a3 Qd7 20. c4 f5 21. Ra2 Re8
22. h3 Bxd5 23. Qxd5 Bc3 24. Qd3 Bxb4 25. e5 Qc6 26. Re2 Bxd2 27. Rexd2 dxe5 28.
Rac2 e4 29. Qb3 Ra5 30. Rd5 Rc5 31. Rcd2 Rxc4 32. Rd7 Qe6 33. Kh2 a6 34. R7d4 0-1

[Event "TCh-FRA Top 16 GpA 2022"]
[Site "Chartres FRA"]
[Date "2022.06.13"]
[Round "5.4"]
[Board "6"]
[White "Hirth, Julien"]
[Black "Lazarev, Vladimir"]
[Result "1-0"]
[BlackTitle "GM"]
[WhiteElo "2072"]
[BlackElo "2491"]
[WhiteTeam "Club 608 d'Echecs Paris"]
[BlackTeam "Club d'Echecs Metz Fischer"]
[WhiteFideId "636606"]
[BlackFideId "4113250"]
[EventDate "2022.06.09"]

1. e4 c5 2. c3 Nf6 3. e5 Nd5 4. Nf3 Nc6 5. Bc4 Nb6 6. Bb3 d5 7. exd6 c4 8. Bc2
Qxd6 9. O-O g6 10. Qe2 Bg7 11. Na3 Be6 12. b3 cxb3 13. axb3 O-O 14. d4 Bd5 15.
Rd1 Rfe8 16. Nb5 Qb8 17. Be3 a6 18. Na3 Qc7 19. Nc4 Rad8 20. Bg5 f6 21. Bh4 e5
22. Bg3 Bxc4 23. bxc4 Qf7 24. d5 Nb8 25. Rab1 Qc7 26. Nd4 Nxc4 27. Ne6 Qc8 28.
Nxd8 Rxd8 29. d6 Nxd6 30. Bb3+ Kh8 31. f4 Nc6 32. Bf2 Nb5 33. Rxd8+ Qxd8 34. Rd1
Qc8 35. Qc4 exf4 36. Rd7 Qe8 37. Qd3 Ne5 38. Rd8 Nxd3 39. Rxe8+ Bf8 40. Rxf8+
Kg7 41. Rg8+ Kh6 42. Bd4 1-0

[Event "TCh-FRA Top 16 GpA 2022"]
[Site "Chartres FRA"]
[Date "2022.06.13"]
[Round "5.4"]
[Board "8"]
[White "Auvray, Juliette"]
[Black "Schippke, Manon"]
[Result "1/2-1/2"]
[WhiteElo "1970"]
[BlackElo "2120"]
[WhiteTeam "Club 608 d'Echecs Paris"]
[BlackTeam "Club d'Echecs Metz Fischer"]
[WhiteFideId "695904"]
[BlackFideId "45100446"]
[EventDate "2022.06.09"]

1. e4 c5 2. Nf3 e6 3. d4 cxd4 4. Nxd4 Nc6 5. Nc3 Qc7 6. Be2 a6 7. Be3 Nf6 8. O-O
Be7 9. Kh1 O-O 10. f4 d6 11. Bd3 Nxd4 12. Bxd4 e5 13. Be3 Be6 14. Qf3 exf4 15.
Bxf4 Nd7 16. Qg3 Ne5 17. Rad1 Ng6 18. Nd5 Bxd5 19. exd5 Nxf4 20. Qxf4 g6 21. Rf3
f5 22. Rg3 Bf6 23. Qxf5 Be5 24. Qe6+ Qf7 25. Rf3 Qxe6 26. Rxf8+ Kxf8 27. dxe6
Ke7 28. Bc4 Bxb2 29. Rf1 Bf6 30. Bd5 1/2-1/2

[Event "TCh-FRA Top 16 GpA 2022"]
[Site "Chartres FRA"]
[Date "2022.06.14"]
[Round "6.3"]
[Board "2"]
[White "Korobov, Anton"]
[Black "Kamsky, Gata"]
[Result "1-0"]
[WhiteTitle "GM"]
[BlackTitle "GM"]
[WhiteElo "2675"]
[BlackElo "2655"]
[WhiteTeam "L'Echiquier Chalonnais"]
[BlackTeam "C'Chartres Echecs"]
[WhiteFideId "14105730"]
[BlackFideId "2000024"]
[EventDate "2022.06.09"]

1. d4 d5 2. c4 c6 3. Nf3 Nf6 4. Nc3 a6 5. a4 e6 6. Bf4 c5 7. e3 Nc6 8. Rc1 cxd4
9. exd4 Bd6 10. Bxd6 Qxd6 11. c5 Qc7 12. Bd3 O-O 13. O-O e5 14. dxe5 Nxe5 15.
Nxe5 Qxe5 16. h3 Bd7 17. b4 Qf4 18. Qb3 Qg5 19. f4 Qh4 20. Nxd5 Rad8 21. Ne7+
Kh8 22. Nf5 Bxf5 23. Bxf5 Nh5 24. Kh2 Rd4 25. Qc3 Rfd8 26. Rce1 Rxf4 27. Qe3 g6
28. g3 Rxf1 29. gxh4 Rxf5 30. Qe7 Rg8 31. Qxb7 g5 32. Rg1 Re8 33. Rxg5 1-0

[Event "TCh-FRA Top 16 GpA 2022"]
[Site "Chartres FRA"]
[Date "2022.06.14"]
[Round "6.3"]
[Board "3"]
[White "Tiviakov, Sergei"]
[Black "Jones, Gawain C B"]
[Result "1/2-1/2"]
[WhiteTitle "GM"]
[BlackTitle "GM"]
[WhiteElo "2570"]
[BlackElo "2665"]
[WhiteTeam "C'Chartres Echecs"]
[BlackTeam "L'Echiquier Chalonnais"]
[WhiteFideId "1008013"]
[BlackFideId "409561"]
[EventDate "2022.06.09"]

1. e4 e5 2. Nf3 Nc6 3. Bc4 Nf6 4. d3 Bc5 5. c3 d6 6. Bb3 a5 7. a4 h6 8. O-O O-O
9. Re1 Re8 10. Nbd2 Be6 11. Bxe6 Rxe6 12. Qb3 Qd7 13. Nf1 d5 14. Ng3 Rd8 15. Bd2
b6 16. Re2 dxe4 17. dxe4 Rd6 18. Rae1 Ng4 19. Nf1 Nf6 20. Ng3 Rd3 21. Qc4 Ng4
22. Nf1 Qd6 23. Ne3 Nxe3 24. Bxe3 Bxe3 25. Rxe3 Rxe3 26. Rxe3 Ne7 27. Re2 Qd1+
28. Re1 Qd6 29. g3 Ng6 30. Kg2 Qd7 31. h3 c6 32. Re2 Qd1 33. Re1 Qd7 34. Re2 Qd1
35. Re1 1/2-1/2

[Event "TCh-FRA Top 16 GpA 2022"]
[Site "Chartres FRA"]
[Date "2022.06.14"]
[Round "6.3"]
[Board "4"]
[White "Fedorchuk, Sergey A."]
[Black "Mamedov, Rauf"]
[Result "1/2-1/2"]
[WhiteTitle "GM"]
[BlackTitle "GM"]
[WhiteElo "2612"]
[BlackElo "2656"]
[WhiteTeam "L'Echiquier Chalonnais"]
[BlackTeam "C'Chartres Echecs"]
[WhiteFideId "14102536"]
[BlackFideId "13401653"]
[EventDate "2022.06.09"]

1. e4 c5 2. Nf3 d6 3. d4 cxd4 4. Nxd4 Nf6 5. Nc3 g6 6. Be3 Bg7 7. f3 Nc6 8. Qd2
O-O 9. O-O-O d5 10. exd5 Nxd5 11. Nxc6 bxc6 12. Nxd5 cxd5 13. Qxd5 Qc7 14. Qc5
Qb7 15. Qb5 Qc7 16. Qc5 Qb7 1/2-1/2

[Event "TCh-FRA Top 16 GpA 2022"]
[Site "Chartres FRA"]
[Date "2022.06.15"]
[Round "7.1"]
[Board "1"]
[White "Bacrot, Etienne"]
[Black "Parligras, Mircea-Emilian"]
[Result "1-0"]
[WhiteTitle "GM"]
[BlackTitle "GM"]
[WhiteElo "2641"]
[BlackElo "2579"]
[WhiteTeam "Bischwiller"]
[BlackTeam "Grasse Echecs"]
[WhiteFideId "605506"]
[BlackFideId "1204297"]
[EventDate "2022.06.09"]

1. e4 e5 2. Nf3 Nc6 3. Bb5 Nf6 4. O-O Nxe4 5. d4 Nd6 6. Bxc6 dxc6 7. dxe5 Nf5 8.
Qxd8+ Kxd8 9. h3 Ke8 10. Nc3 h5 11. Bf4 Be7 12. Rad1 Be6 13. Ng5 Rh6 14. Rfe1
Bb4 15. a3 Bxc3 16. bxc3 Ne7 17. Ne4 Rg6 18. h4 Bd5 19. Ng3 Rg4 20. Bg5 g6 21.
Rd4 Rxd4 22. cxd4 a5 23. f3 b5 24. c3 Be6 25. Bxe7 Kxe7 26. Ne4 b4 27. cxb4 axb4
28. axb4 Rb8 29. Rb1 Rd8 30. Rd1 Rb8 31. Kf2 Rxb4 32. Ke3 Bf5 33. Rc1 Bxe4 34.
Kxe4 Kd7 35. g4 hxg4 36. fxg4 Rb2 37. Rh1 Ke7 38. h5 gxh5 39. gxh5 Kf8 40. h6
Kg8 41. Rc1 Rb6 42. Rg1+ Kh7 43. Rg7+ Kxh6 44. Rxf7 Rb7 45. Kf5 Rb1 46. Rf6+ 1-0

[Event "TCh-FRA Top 16 GpA 2022"]
[Site "Chartres FRA"]
[Date "2022.06.15"]
[Round "7.1"]
[Board "3"]
[White "Rodshtein, Maxim"]
[Black "Nanu, Costica-Ciprian"]
[Result "1/2-1/2"]
[WhiteTitle "GM"]
[BlackTitle "GM"]
[WhiteElo "2585"]
[BlackElo "2520"]
[WhiteTeam "Bischwiller"]
[BlackTeam "Grasse Echecs"]
[WhiteFideId "2806851"]
[BlackFideId "1204580"]
[EventDate "2022.06.09"]

1. d4 d5 2. Nf3 Nf6 3. c4 c6 4. e3 Bf5 5. Nc3 e6 6. Nh4 Be4 7. f3 Bg6 8. Qb3 Qc7
9. Bd2 Be7 10. Nxg6 hxg6 11. O-O-O dxc4 12. Qxc4 Nbd7 13. e4 Nb6 14. Qb3 Rd8 15.
Ne2 Nfd7 16. Kb1 e5 17. dxe5 Nxe5 18. Nc1 g5 19. Be2 c5 20. Bc3 Rxd1 21. Rxd1
O-O 22. g3 Nc6 23. Qc2 Rd8 24. Rxd8+ Qxd8 25. Qd1 Qc7 26. Nd3 Nd7 27. Ne1 Bf6
28. Bxf6 Nxf6 29. Nc2 Qe5 30. Ne1 Qc7 1/2-1/2

[Event "TCh-FRA Top 16 GpA 2022"]
[Site "Chartres FRA"]
[Date "2022.06.15"]
[Round "7.1"]
[Board "4"]
[White "Loiseau, Quentin"]
[Black "Naiditsch, Arkadij"]
[Result "0-1"]
[WhiteTitle "IM"]
[BlackTitle "GM"]
[WhiteElo "2442"]
[BlackElo "2653"]
[WhiteTeam "Grasse Echecs"]
[BlackTeam "Bischwiller"]
[WhiteFideId "665274"]
[BlackFideId "4650891"]
[EventDate "2022.06.09"]

1. e4 e5 2. Nf3 Nc6 3. d4 exd4 4. Nxd4 Nf6 5. Nc3 Bb4 6. Nxc6 bxc6 7. Bd3 O-O 8.
O-O Re8 9. Bg5 Rb8 10. Qf3 Bd6 11. Bxf6 Qxf6 12. Qxf6 gxf6 13. Rab1 Be5 14. Nd1
Bd4 15. c3 Bb6 16. Ne3 Bxe3 17. fxe3 Kg7 18. Rf4 c5 19. b3 Rb6 20. Rbf1 Rd6 21.
Bc4 Bb7 22. Rg4+ Kf8 23. Rgf4 Rxe4 24. Rxf6 Rxf6 25. Rxf6 d5 26. Ba6 Kg7 27.
Rxf7+ Kxf7 28. Bxb7 Rxe3 29. Bxd5+ Kf6 30. a4 Rxc3 31. Kf2 Ke5 32. Bg8 h6 33. h3
Kf4 34. Ke2 c6 35. Kd2 Rg3 36. Be6 Ke5 0-1

[Event "TCh-FRA Top 16 GpA 2022"]
[Site "Chartres FRA"]
[Date "2022.06.15"]
[Round "7.1"]
[Board "5"]
[White "Fressinet, Laurent"]
[Black "Barbot, Pierre1"]
[Result "1/2-1/2"]
[WhiteTitle "GM"]
[BlackTitle "IM"]
[WhiteElo "2624"]
[BlackElo "2451"]
[WhiteTeam "Bischwiller"]
[BlackTeam "Grasse Echecs"]
[WhiteFideId "608742"]
[BlackFideId "663727"]
[EventDate "2022.06.09"]

1. Nf3 Nf6 2. g3 d5 3. Bg2 Nbd7 4. d4 Nb6 5. Nc3 Bf5 6. Nh4 e6 7. Bg5 Be7 8.
Nxf5 exf5 9. Bxf6 Bxf6 10. Qd3 c6 11. e3 g6 12. b3 O-O 13. O-O Qe7 14. a4 a5 15.
Ne2 Rfd8 16. Rfd1 h5 17. h4 Bg7 18. Rab1 Nd7 19. c4 Nf6 20. cxd5 Nxd5 21. Bxd5
Rxd5 22. Nf4 Rd6 23. Qf1 Rad8 24. Rdc1 Bh6 25. Ng2 Rd5 26. Qc4 Qe4 27. Qc2 Qe7
28. Qc3 Qe4 29. b4 axb4 30. Rxb4 c5 31. dxc5 Rd1+ 32. Rxd1 Rxd1+ 33. Kh2 Qf3 34.
Qb3 Rd7 35. Qc2 Bf8 36. Rd4 Rxd4 37. exd4 Bg7 38. Qd2 Qd5 39. Nf4 Qxd4 40. Qa2
Qxc5 41. Nxg6 Bh6 1/2-1/2

[Event "TCh-FRA Top 16 GpA 2022"]
[Site "Chartres FRA"]
[Date "2022.06.15"]
[Round "7.1"]
[Board "6"]
[White "Riff, Vincent"]
[Black "Le Roux, Jean-Pierre"]
[Result "0-1"]
[WhiteTitle "FM"]
[BlackTitle "GM"]
[WhiteElo "2399"]
[BlackElo "2513"]
[WhiteTeam "Grasse Echecs"]
[BlackTeam "Bischwiller"]
[WhiteFideId "617776"]
[BlackFideId "609404"]
[EventDate "2022.06.09"]

1. e4 c6 2. d4 d5 3. e5 Bf5 4. h4 h5 5. Bd3 Bxd3 6. Qxd3 e6 7. Bg5 Qa5+ 8. Nd2
Ne7 9. Ne2 Qa6 10. c4 Nf5 11. O-O Nd7 12. Ng3 g6 13. Nxf5 gxf5 14. Rfc1 dxc4 15.
Nxc4 Nb6 16. b3 Nd5 17. a4 Bb4 18. Qf3 Kf8 19. a5 Re8 20. Nb2 Be7 21. Bxe7+ Rxe7
22. Nd3 Qb5 23. Rc5 Qxb3 24. a6 Rg8 25. axb7 Rxb7 26. Rxc6 Rg4 27. Qe2 Kg7 28.
f3 Rxd4 29. Nc5 Nf4 30. Qf2 Qb2 31. Nxb7 Qxa1+ 32. Kh2 Ng6 33. g4 Nxe5 34. Rc2
fxg4 35. Qe3 Nxf3+ 36. Kg2 Rd1 0-1

[Event "TCh-FRA Top 16 GpA 2022"]
[Site "Chartres FRA"]
[Date "2022.06.15"]
[Round "7.1"]
[Board "7"]
[White "Maze, Sebastien"]
[Black "Demuth, Adrien"]
[Result "1/2-1/2"]
[WhiteTitle "GM"]
[BlackTitle "GM"]
[WhiteElo "2529"]
[BlackElo "2492"]
[WhiteTeam "Bischwiller"]
[BlackTeam "Grasse Echecs"]
[WhiteFideId "613762"]
[BlackFideId "642274"]
[EventDate "2022.06.09"]

1. e4 c5 2. Nf3 e6 3. d3 d5 4. Nbd2 Nc6 5. g3 Nf6 6. Bg2 Be7 7. O-O O-O 8. Re1
b5 9. e5 Nd7 10. Nf1 a5 11. h4 b4 12. Bf4 a4 13. a3 bxa3 14. bxa3 Rb8 15. Ne3
Ba6 16. h5 Nd4 17. c4 dxc4 18. dxc4 Nb6 19. Nd2 1/2-1/2

[Event "TCh-FRA Top 16 GpA 2022"]
[Site "Chartres FRA"]
[Date "2022.06.15"]
[Round "7.1"]
[Board "8"]
[White "Milliet, Sophie"]
[Black "Sebag, Marie"]
[Result "1/2-1/2"]
[WhiteTitle "IM"]
[BlackTitle "GM"]
[WhiteElo "2392"]
[BlackElo "2472"]
[WhiteTeam "Grasse Echecs"]
[BlackTeam "Bischwiller"]
[WhiteFideId "623725"]
[BlackFideId "617822"]
[EventDate "2022.06.09"]

1. e4 c5 2. Nf3 d6 3. d4 cxd4 4. Nxd4 Nf6 5. Nc3 a6 6. Be3 e5 7. Nb3 Be6 8. f3
h5 9. Nd5 Bxd5 10. exd5 Nbd7 11. Qd2 g6 12. O-O-O Nb6 13. Kb1 Nbxd5 14. Bg5 Be7
15. Bd3 Qc7 16. Rhe1 O-O-O 17. c4 Nf4 18. Bxf4 exf4 19. Qxf4 Rhe8 20. Rc1 Kb8
21. Be4 Nxe4 22. Qxe4 Bg5 23. Qxe8 Bxc1 24. Qe4 Bh6 25. Qd4 Rc8 26. Re4 d5 27.
Qxd5 Rd8 28. Qe5 Qxe5 29. Rxe5 Bf4 30. Re7 Bxh2 31. Kc2 Rc8 32. Kd3 Rc7 33. Re8+
Ka7 34. a4 1/2-1/2